Complete the Book Title (names) #1 - Statistics

General Stats
  • This quiz has been taken 106 times
  • The average score is 11 of 15
Answer Stats
Novel % Correct
{Mary} Poppins
100%
{Oliver} Twist
99%
{Jane} Eyre
98%
{Peter} Pan
98%
{David} Copperfield
92%
{Robinson} Crusoe
90%
{Anna} Karenina
89%
{Pippi} Longstocking
83%
{Nicholas} Nickleby
74%
{Moll} Flanders
54%
{Lorna} Doone
50%
{Martin} Chuzzlewit
49%
{Silas} Marner
48%
{Tom} Jones
48%
{Daniel} Deronda
27%
No matching quizzes found
Score Distribution
Percent of People with Each Score
Percentile by Number Answered
Your Score History
You have not taken this quiz